[Event "GER-ch Net blitz qual1"]
[Site "Playchess.com INT"]
[Date "2020.03.07"]
[Round "8"]
[White "Moehwald, Herbert"]
[Black "Kottke, Steffen"]
[Result "1-0"]
[WhiteElo "1510"]
[BlackElo "1928"]
[PlyCount "55"]
[EventDate "2020.03.07"]
[EventType "swiss (blitz)"]
[EventRounds "9"]
[EventCountry "GER"]
[SourceTitle "CBM 195 Extra"]
[Source "ChessBase"]
[SourceDate "2020.05.31"]
[SourceVersion "1"]
[SourceVersionDate "2020.05.31"]
[SourceQuality "1"]

1. e4 c5 2. d4 cxd4 3. Nf3 Nc6 4. Nxd4 e5 5. Nf5 d6 6. Bb5 Nf6 7. 0-0 Nxe4 8. Qf3 Bxf5 9. Qxf5 Nf6 10. Bg5 Qd7 11. Qf3 Qg4 12. Bxc6+ bxc6 13. Qxc6+ Kd8 14. Bxf6+ gxf6 15. Qxa8+ Ke7 16. Qxa7+ Ke6 17. Qe3 Qb4 18. Qb3+ Qxb3 19. axb3 Bg7 20. Nc3 f5 21. Rfd1 Rd8 22. Ra6 Bf8 23. f3 Rd7 24. Nd5 Rb7 25. Rd3 Rb5 26. c4 Rb8 27. Rb6 Ra8 28. Nc7+ 1-0

[Event "GER-ch Net blitz qual1"]
[Site "Playchess.com INT"]
[Date "2020.03.07"]
[Round "5"]
[White "Moehwald, Herbert"]
[Black "Schaefer, Erich"]
[Result "1-0"]
[WhiteElo "1510"]
[BlackElo "1279"]
[PlyCount "119"]
[EventDate "2020.03.07"]
[EventType "swiss (blitz)"]
[EventRounds "9"]
[EventCountry "GER"]
[SourceTitle "CBM 195 Extra"]
[Source "ChessBase"]
[SourceDate "2020.05.31"]
[SourceVersion "1"]
[SourceVersionDate "2020.05.31"]
[SourceQuality "1"]

1. e4 e5 2. Nf3 Nc6 3. Bb5 d6 4. 0-0 Bd7 5. c3 Nf6 6. Re1 Be7 7. h3 0-0 8. d4 exd4 9. cxd4 a6 10. Bxc6 Bxc6 11. d5 Bd7 12. Nc3 b5 13. a3 Qc8 14. Kh2 c6 15. dxc6 Bxc6 16. Bg5 h6 17. Bh4 Qb7 18. Bxf6 Bxf6 19. Nd5 Bxb2 20. Ra2 Be5+ 21. Nxe5 dxe5 22. Rd2 Rad8 23. Nb4 Bxe4 24. Rxd8 Rxd8 25. Qxd8+ Kh7 26. f3 Bg6 27. Rxe5 Qa7 28. Re8 Bb1 29. Nc6 Qf2 30. Rh8+ Kg6 31. Ne5+ Kf5 32. Nxf7 Qe1 33. Qd5+ Kg6 34. Ne5+ Kf6 35. Qf7+ Kg5 36. Qxg7+ Kf4 37. Qf6+ Ke3 38. Ng4+ Kd2 39. Rd8+ Bd3 40. Qf4+ Kc2 41. Rc8+ Kb2 42. Qb4+ Qxb4 43. axb4 Kb3 44. Ra8 Kxb4 45. Rxa6 Kc3 46. Rc6+ Kb3 47. Nf2 Bc4 48. Ne4 b4 49. Nd2+ Ka3 50. Nxc4+ Ka2 51. g4 b3 52. Rb6 b2 53. Rxb2+ Ka1 54. Rb6 h5 55. gxh5 Ka2 56. h6 Ka1 57. h7 Ka2 58. h4 Ka1 59. h8Q+ Ka2 60. Qb2# 1-0